000 00353nam a2200157Ia 4500
008 210210b1979 xxu||||| |||| 00| 0 eng d
082 _a574 CURB
100 _aCURTIS (Helena).
245 _aBiology. Ed 3.
250 _a
260 _aN Y
_bWorth Publishers
_c1979
300 _axxx,1043
650 _aBiology
690 _aBiology
906 _a039319
999 _c89315
_d89315